| 000 | 01247nac a22003011u 4500 | ||
|---|---|---|---|
| 010 | _a 2006280603 | ||
| 020 | _a0521832985 (cased) | ||
| 020 | _a0521540577 (pbk.) | ||
| 024 | 3 | _a9780521832984 | |
| 024 | 3 | _a9780521540575 | |
| 035 | _a(OCoLC)ocm62132888 | ||
| 082 | 0 | 4 |
_a337 _bB7318 |
| 090 |
_c2333 _d2333 |
||
| 100 | _a20080729 | ||
| 245 | 0 | 0 |
_aNations and firms in the global economy : _ban introduction to international economics and business / _cSteven Brakman ... [et al.]. |
| 260 |
_aCambridge : _bCambridge University Press,2006 _c2006. |
||
| 300 |
_axxvi, 446 p. : _bill. ; _c26 cm. |
||
| 504 | _aIncludes bibliographical references (p. [406]-425) and indexes. | ||
| 650 | 0 | _aInternational economic relations. | |
| 650 | 0 | _aInternational business enterprises. | |
| 650 | 0 | _aGlobalization. | |
| 650 | 0 | _aInternational trade. | |
| 700 | 1 | _aBrakman, Steven. | |
| 856 | 4 | 2 |
_3Publisher description _uhttp://www.loc.gov/catdir/enhancements/fy0665/2006280603-d.html |
| 856 | 4 | 2 |
_3Table of contents only _uhttp://www.loc.gov/catdir/enhancements/fy0665/2006280603-t.html |
| 942 |
_cNB _k337B7318 |
||
| 999 |
_c2333 _d2333 |
||